The noble scholar, jurist, historian


 His Excellency Dr. Abdul Wahhab bin Ibrahim Abu Sulaiman, may Allah have mercy on him.


 He was born in Umm Al-Qura in the year 1356 AH.

صيغ العقود العقارية (Record no. 10146)

MARC details
000 -LEADER
fixed length control field 01127cam a22002891i 4500
003 - CONTROL NUMBER IDENTIFIER
control field SA-RiAUC
005 - DATE AND TIME OF LATEST TRANSACTION
control field 20250720073316.0
008 - FIXED-LENGTH DATA ELEMENTS--GENERAL INFORMATION
fixed length control field 250716s2015 su a f 00010 ara c
040 ## - CATALOGING SOURCE
Original cataloging agency SA-JeALM
Language of cataloging ara
Transcribing agency SA-RiAUC
Description conventions rda
043 ## - GEOGRAPHIC AREA CODE
Geographic area code a-su---
050 #4 - LIBRARY OF CONGRESS CALL NUMBER
Item number .H55 2015
082 04 - DEWEY DECIMAL CLASSIFICATION NUMBER
Classification number 346.5310437
Assigning agency SA-RiAUC
090 ## - LOCALLY ASSIGNED LC-TYPE CALL NUMBER (OCLC); LOCAL CALL NUMBER (RLIN)
Classification number (OCLC) (R) ; Classification number, CALL (RLIN) (NR) 346.5310437
Local cutter number (OCLC) ; Book number/undivided call number, CALL (RLIN) هـ ل ا
100 1# - MAIN ENTRY--PERSONAL NAME
Personal name هلال، أشرف أحمد
Relator term مؤلف.
245 10 - TITLE STATEMENT
Title صيغ العقود العقارية
Remainder of title /
Statement of responsibility, etc. أشرف أحمد هلال.
250 ## - EDITION STATEMENT
Edition statement الطبعة الثانية.
264 #1 - PRODUCTION, PUBLICATION, DISTRIBUTION, MANUFACTURE, AND COPYRIGHT NOTICE
Place of production, publication, distribution, manufacture جدة، السعودية :
Name of producer, publisher, distributor, manufacturer مكتبة ديوان المحامين،
Date of production, publication, distribution, manufacture, or copyright notice 2015
300 ## - PHYSICAL DESCRIPTION
Extent 416 صفحة :
Other physical details إيضاحيات ؛
Dimensions 24 سم
336 ## - CONTENT TYPE
Content type term نص
Content type code txt
Source rdacontent
Materials specified كتاب
337 ## - MEDIA TYPE
Media type term بدون وسيط
Media type code n
Source rdamedia
338 ## - CARRIER TYPE
Carrier type term مجلد
Carrier type code nc
Source rdacarrier
650 #7 - SUBJECT ADDED ENTRY--TOPICAL TERM
Topical term or geographic name entry element العقارات
General subdivision قوانين وتشريعات
Geographic subdivision السعودية
Source of heading or term aucsh
650 #7 - SUBJECT ADDED ENTRY--TOPICAL TERM
Topical term or geographic name entry element العقود
General subdivision قوانين وتشريعات
Geographic subdivision السعودية
Source of heading or term aucsh
653 ## - INDEX TERM--UNCONTROLLED
Uncontrolled term العلوم الاجتماعية.
942 ## - ADDED ENTRY ELEMENTS (KOHA)
Source of classification or shelving scheme Dewey Decimal Classification
Koha item type Books
Suppress in OPAC No
949 ## - LOCAL PROCESSING INFORMATION (OCLC)
a SA-JeALM
d 250716
u mohamedma123
n 1
Holdings
Withdrawn status Lost status Source of classification or shelving scheme Damaged status Not for loan Home library Current library Date acquired Total checkouts Full call number Barcode Date last seen Price effective from Koha item type
    Dewey Decimal Classification     DR AbdElwahab Library DR AbdElwahab Library 07/20/2025   346.5310437 هـ ل ا 000016447 07/20/2025 07/20/2025 Books